[Event "Sautron op qual 17th"]
[Site "Sautron"]
[Date "2017.09.01"]
[Round "1.14"]
[White "Le Pen, Steven"]
[Black "Secher, Daniel"]
[Result "1-0"]
[WhiteElo "2024"]
[BlackElo "1551"]
[PlyCount "49"]
[EventDate "2017.10.22"]
[EventType "swiss"]
[EventRounds "9"]
[EventCountry "FRA"]
[SourceTitle "EXT 2020"]
[Source "ChessBase"]
[SourceDate "2019.10.17"]
[SourceVersion "1"]
[SourceVersionDate "2019.10.17"]
[SourceQuality "1"]

1. e4 c5 2. Nf3 e6 3. d4 cxd4 4. Nxd4 a6 5. Bd3 Qc7 6. 0-0 Nf6 7. c4 Bd6 8. g3 Nc6 9. Nxc6 dxc6 10. f4 e5 11. f5 0-0 12. Be3 b5 13. Nd2 b4 14. c5 Be7 15. Nc4 Nd7 16. Nb6 Nxb6 17. cxb6 Qb8 18. Qa4 Rd8 19. Rfd1 Bb7 20. Rac1 Rc8 21. Bc5 Bxc5+ 22. Rxc5 Qd6 23. Qxb4 a5 24. Qc3 f6 25. Bc4+ 1-0

[Event "Cholet-C"]
[Site "Cholet"]
[Date "2012.02.24"]
[Round "9"]
[White "Secher, Daniel"]
[Black "Julien, Jules Alois"]
[Result "0-1"]
[WhiteElo "1696"]
[BlackElo "1701"]
[PlyCount "149"]
[EventDate "2012.02.18"]
[EventType "tourn"]
[EventRounds "9"]
[EventCountry "FRA"]
[SourceTitle "EXT 2013"]
[Source "ChessBase"]
[SourceDate "2012.11.22"]
[SourceVersion "1"]
[SourceVersionDate "2012.11.22"]
[SourceQuality "1"]

1. e4 c5 2. Nc3 Nc6 3. g3 g6 4. Bg2 Bg7 5. d3 e6 6. Be3 d6 7. Nf3 Nd4 8. 0-0 Ne7 9. Rb1 Rb8 10. Ne2 Nxf3+ 11. Bxf3 0-0 12. h4 h5 13. Qd2 Kh7 14. Bg2 b6 15. Nf4 e5 16. Nh3 Bxh3 17. Bxh3 f5 18. f3 d5 19. Kh1 Qd6 20. c3 Rf7 21. g4 hxg4 22. fxg4 f4 23. Qe1 Rbf8 24. Bd2 Rd8 25. Rd1 Ng8 26. g5 dxe4 27. dxe4 c4 28. Rf3 Bf8 29. Bg4 Qc6 30. Rh3 Be7 31. Kh2 Kg7 32. Qe2 Kf8 33. Bf3 Rd3 34. Qg2 Rg7 35. Be2 Rd6 36. Bf3 Qa4 37. a3 Qb3 38. Qe2 Qxb2 39. Bc1 Qxe2+ 40. Bxe2 Rxd1 41. Bxd1 Bc5 42. Kg2 Rd7 43. Be2 b5 44. h5 Kg7 45. Kf3 gxh5 46. Rxh5 Kg6 47. Kg4 Be7 48. Rh8 Rd8 49. Rh5 Bxg5 50. Rxg5+ Kf6 51. Rh5 Rd7 52. Kf3 a6 53. Kf2 Rg7 54. Rh2 Rd7 55. Rh3 Rg7 56. Bd1 Ke6 57. Rh2 Nf6 58. Bf3 Ng8 59. Rg2 Rxg2+ 60. Kxg2 Kd6 61. Bd2 Ne7 62. Kf1 Nc6 63. Bd1 a5 64. Ke2 Kc5 65. Be1 b4 66. Bf2+ Kb5 67. a4+ Ka6 68. Bc5 bxc3 69. Bd6 Nd4+ 70. Ke1 c2 71. Kd2 cxd1Q+ 72. Kxd1 Nc6 73. Bc5 Nb4 74. Kd2 Nd3 75. Kc3 0-1

[Event "Cholet-C"]
[Site "Cholet"]
[Date "2012.02.22"]
[Round "6"]
[White "Fermen, Guy"]
[Black "Secher, Daniel"]
[Result "1-0"]
[WhiteElo "1569"]
[BlackElo "1696"]
[PlyCount "73"]
[EventDate "2012.02.18"]
[EventType "tourn"]
[EventRounds "9"]
[EventCountry "FRA"]
[SourceTitle "EXT 2013"]
[Source "ChessBase"]
[SourceDate "2012.11.22"]
[SourceVersion "1"]
[SourceVersionDate "2012.11.22"]
[SourceQuality "1"]

1. e4 c5 2. c3 Nc6 3. Nf3 e6 4. d4 cxd4 5. Nxd4 Qb6 6. Nb5 Bc5 7. Qe2 a6 8. N5a3 Ne5 9. f3 Ne7 10. Nd2 N7g6 11. Ndc4 Nxc4 12. Nxc4 Qc7 13. Be3 b5 14. Bxc5 Qxc5 15. Qe3 Qc7 16. Nd2 Nf4 17. e5 Nd5 18. Qg5 0-0 19. Ne4 f5 20. Nd6 Bb7 21. Bd3 Qd8 22. Qxd8 Raxd8 23. Nxb7 Rb8 24. Nd6 Nf4 25. Bf1 Ng6 26. g3 Nxe5 27. 0-0-0 Rb6 28. f4 Ng4 29. Rd2 Ne3 30. Nxb5 axb5 31. Rxd7 Ra8 32. a3 Rc8 33. Be2 Nd5 34. Rd1 b4 35. axb4 Rxb4 36. Ba6 Rcb8 37. cxb4 1-0

[Event "Rohde op 10th"]
[Site "Sautron"]
[Date "2010.10.30"]
[Round "9"]
[White "Dubois, Marie"]
[Black "Secher, Daniel"]
[Result "1-0"]
[WhiteElo "1656"]
[BlackElo "1808"]
[PlyCount "29"]
[EventDate "2010.10.23"]
[EventType "swiss"]
[EventRounds "9"]
[EventCountry "FRA"]
[SourceTitle "EXT 2012"]
[Source "ChessBase"]
[SourceDate "2011.11.24"]
[SourceVersion "1"]
[SourceVersionDate "2011.11.24"]
[SourceQuality "1"]

1. d4 Nf6 2. c4 e6 3. Nc3 Bb4 4. Qc2 0-0 5. Bg5 d5 6. cxd5 exd5 7. e3 h6 8. Bh4 Be6 9. Bd3 Nbd7 10. Nge2 Rc8 11. 0-0 a6 12. a3 Be7 13. f3 Re8 14. Nf4 Nh7 15. Bxh7+ 1-0

[Event "Angers op 5th"]
[Site "Angers"]
[Date "2010.04.24"]
[Round "4"]
[White "Secher, Daniel"]
[Black "Maruejols, Paul"]
[Result "1-0"]
[WhiteElo "1833"]
[BlackElo "1581"]
[PlyCount "55"]
[EventDate "2010.04.23"]
[EventType "swiss"]
[EventRounds "6"]
[EventCountry "FRA"]
[SourceTitle "EXT 2011"]
[Source "ChessBase"]
[SourceDate "2010.11.26"]
[SourceVersion "1"]
[SourceVersionDate "2010.11.26"]
[SourceQuality "1"]

1. e4 c5 2. Nf3 e6 3. d4 cxd4 4. Nxd4 Nc6 5. Be3 a6 6. Be2 Nf6 7. Nc3 e5 8. Nf3 Bb4 9. Qd3 0-0 10. Rd1 b5 11. 0-0 Bb7 12. Nd5 d6 13. Bb6 Qd7 14. a3 Ba5 15. Bxa5 Nxa5 16. Nb6 Qc6 17. Nxa8 Nxe4 18. Nxe5 dxe5 19. Bf3 f5 20. Bxe4 fxe4 21. Qd7 Qg6 22. Rd6 Qg5 23. Qe6+ Kh8 24. Nc7 e3 25. Nd5 Nc4 26. f4 exf4 27. Rxf4 Rc8 28. Qxc8+ 1-0

[Event "Pays de Loire-chT"]
[Site "Cholet"]
[Date "2009.??.??"]
[Round "1"]
[White "Secher, Daniel"]
[Black "Rouault, Michel"]
[Result "1-0"]
[WhiteElo "1843"]
[BlackElo "1499"]
[PlyCount "89"]
[EventDate "2009.06.??"]
[EventType "team-tourn"]
[EventRounds "6"]
[EventCountry "FRA"]
[SourceTitle "EXT 2010"]
[Source "ChessBase"]
[SourceDate "2010.11.25"]
[SourceVersion "1"]
[SourceVersionDate "2010.11.25"]
[SourceQuality "1"]

1. e4 c5 2. Nf3 d6 3. d4 cxd4 4. Nxd4 Nc6 5. Be3 Nf6 6. Nc3 Bd7 7. Be2 Rc8 8. g4 e5 9. Nf5 Bxf5 10. exf5 d5 11. Bg5 d4 12. Bxf6 gxf6 13. Ne4 Be7 14. Qd2 Qb6 15. c3 Rd8 16. Qc2 Rc8 17. Rb1 Nb4 18. Qa4+ Nc6 19. 0-0 0-0 20. Qd1 Rfd8 21. Qc1 d3 22. Bf3 Nd4 23. Qe3 Nxf3+ 24. Qxf3 Kh8 25. Rfd1 Qa6 26. a3 Rc7 27. Kh1 Rcd7 28. g5 Qc6 29. Rd2 fxg5 30. Qg4 h6 31. f3 f6 32. Qh5 Bf8 33. Re1 Bg7 34. Nf2 Qc4 35. Re4 Qc6 36. Kg2 a5 37. h4 b5 38. Nh3 Rf8 39. Nf2 Rfd8 40. Ng4 Rg8 41. hxg5 fxg5 42. f6 Bxf6 43. Qxh6+ Rh7 44. Qxf6+ Qxf6 45. Nxf6 1-0

[Event "Rohde op 08th"]
[Site "Sautron"]
[Date "2008.10.25"]
[Round "1"]
[White "Rhetiere, Jacques"]
[Black "Secher, Daniel"]
[Result "1-0"]
[WhiteElo "1640"]
[BlackElo "1788"]
[PlyCount "82"]
[EventDate "2008.10.25"]
[EventType "swiss"]
[EventRounds "9"]
[EventCountry "FRA"]
[SourceTitle "EXT 2009"]
[Source "ChessBase"]
[SourceDate "2008.11.26"]
[SourceVersion "1"]
[SourceVersionDate "2008.11.26"]
[SourceQuality "1"]

1. d4 Nf6 2. c4 e6 3. Nc3 Bb4 4. Bg5 d5 5. e3 0-0 6. Nf3 c5 7. Be2 Qa5 8. 0-0 Bxc3 9. bxc3 Ne4 10. Be7 Re8 11. Bxc5 Nxc5 12. dxc5 dxc4 13. Qc2 Qxc5 14. Nd2 b5 15. Bf3 Nc6 16. Ne4 Qb6 17. a4 Rb8 18. Rfb1 a6 19. axb5 axb5 20. Nd6 Rd8 21. Rxb5 Qc7 22. Rxb8 Nxb8 23. Ne4 f5 24. Nd2 e5 25. Be2 Be6 26. h3 Nd7 27. Nf3 h6 28. Nh4 Rf8 29. Ra4 e4 30. Qa2 Ne5 31. g3 Nd3 32. Ng6 Rf6 33. Ra8+ Kh7 34. Nf8+ Rxf8 35. Rxf8 Kg6 36. Qa4 Qb7 37. Qe8+ Bf7 38. Bh5+ Kxh5 39. Rxf7 Qb1+ 40. Kh2 Kg5 41. Rxg7+ Kf6 1-0

[Event "Pornic op"]
[Site "Pornic"]
[Date "2008.08.??"]
[Round "4"]
[White "Secher, Daniel"]
[Black "Pirotais, Jerome"]
[Result "0-1"]
[WhiteElo "1797"]
[BlackElo "1991"]
[PlyCount "32"]
[EventDate "2008.08.??"]
[EventType "swiss"]
[EventRounds "6"]
[EventCountry "FRA"]
[SourceTitle "EXT 2009"]
[Source "ChessBase"]
[SourceDate "2008.11.26"]
[SourceVersion "1"]
[SourceVersionDate "2008.11.26"]
[SourceQuality "1"]

1. e4 c5 2. Nf3 Nc6 3. d4 cxd4 4. c3 Nf6 5. e5 Nd5 6. cxd4 d6 7. Bc4 Nb6 8. Bxf7+ Kxf7 9. Ng5+ Ke8 10. e6 Nd5 11. Nc3 Qa5 12. Qd3 g6 13. 0-0 Bg7 14. Be3 Nxe3 15. fxe3 Qxg5 16. Nb5 Bxe6 0-1

[Event "Nantes op 6th"]
[Site "Nantes"]
[Date "2007.12.28"]
[Round "4"]
[White "Jaulin, Philippe"]
[Black "Secher, Daniel"]
[Result "1-0"]
[WhiteElo "2141"]
[BlackElo "1858"]
[PlyCount "53"]
[EventDate "2007.12.26"]
[EventType "swiss"]
[EventRounds "7"]
[EventCountry "FRA"]
[SourceTitle "CBM 122 Extra"]
[Source "ChessBase"]
[SourceDate "2008.03.04"]
[SourceVersion "1"]
[SourceVersionDate "2008.03.04"]
[SourceQuality "1"]

1. e4 c5 2. c3 e6 3. d4 cxd4 4. cxd4 Nc6 5. Nf3 Bb4+ 6. Nc3 d5 7. e5 Nge7 8. a3 Bxc3+ 9. bxc3 Bd7 10. Bd3 Rc8 11. 0-0 Na5 12. Ne1 Rxc3 13. Bd2 Rc8 14. Rb1 Nc4 15. Rxb7 Nxd2 16. Qxd2 a5 17. Nc2 0-0 18. f4 f5 19. exf6 Rxf6 20. Ne3 h5 21. g4 Ng6 22. Bxg6 Rxg6 23. g5 Bc6 24. Rb2 Rb8 25. Rxb8 Qxb8 26. Qc2 Qd6 27. Qxg6 1-0

[Event "Gorges op 15th"]
[Site "Gorges"]
[Date "2005.07.??"]
[Round "2"]
[White "Secher, Daniel"]
[Black "Jaunet, Mickael"]
[Result "0-1"]
[WhiteElo "1750"]
[BlackElo "2005"]
[PlyCount "20"]
[EventDate "2005.07.??"]
[EventType "swiss"]
[EventRounds "7"]
[EventCountry "FRA"]
[SourceTitle "EXT 2006"]
[Source "ChessBase"]
[SourceDate "2005.11.24"]
[SourceVersion "1"]
[SourceVersionDate "2005.11.24"]
[SourceQuality "1"]

1. e4 c5 2. Nc3 Nc6 3. f4 e6 4. Nf3 g6 5. Bb5 Bg7 6. 0-0 Nge7 7. Bxc6 Nxc6 8. Nb5 d6 9. c3 e5 10. f5 a6 0-1

[Event "Gorges op 14th"]
[Site "Gorges"]
[Date "2004.07.03"]
[Round "1"]
[White "Secher, Daniel"]
[Black "Mullon, Jean Baptiste"]
[Result "0-1"]
[WhiteElo "1640"]
[BlackElo "2327"]
[PlyCount "54"]
[EventDate "2004.07.08"]
[EventType "swiss"]
[EventRounds "7"]
[EventCountry "FRA"]
[SourceTitle "EXT 2005"]
[Source "ChessBase"]
[SourceDate "2004.11.15"]
[SourceVersion "1"]
[SourceVersionDate "2004.11.15"]
[SourceQuality "1"]

1. e4 c5 2. Nc3 Nc6 3. f4 g6 4. Nf3 Bg7 5. Bb5 Nd4 6. 0-0 Nxb5 7. Nxb5 d6 8. d3 e6 9. Qe1 a6 10. Nc3 Ne7 11. Qh4 Nc6 12. Bd2 Qxh4 13. Nxh4 Nd4 14. Rac1 b5 15. Nf3 b4 16. Na4 Ne2+ 17. Kh1 Nxc1 18. Nb6 Rb8 19. Nxc8 Rxc8 20. Rxc1 Bxb2 21. Rf1 0-0 22. Ng5 h6 23. Nh3 f5 24. Ng1 a5 25. Ne2 c4 26. Rb1 cxd3 27. cxd3 Rc2 0-1